00529nam a2200193Ia 4500003000400000005001700004008004000021020001800061040001000079041000800089082001500097100002400112245012700136250000600263260002900269300001100298650001100309650001500320OSt20220326101045.0210210b2012 xxu||||| |||| 00| 0 eng d a9780749465520 aALc  aeng a658.4 ARMA aARMSTRONG (Michael) aArmstrongs handbook of management and leadership bDeveloping effective people skills for better leadership and management a3 aLondonbKogan Pagec2012 ax, 369 askills aleadership